000 00295nam a22001337a 4500
008 181024b xxu||||| |||| 00| 0 eng d
020 _a9781563638305
041 _aeng
080 _a615
100 _a5
101 _aFAR
245 _aPhysicians Desk Reference
_c.mark.h
942 _2udc
_cBK
999 _c50831
_d50831